Chambers Dictionary (Record no. 4850)

MARC details
000 -LEADER
fixed length control field 00413nam a2200169Ia 4500
008 - FIXED-LENGTH DATA ELEMENTS--GENERAL INFORMATION
fixed length control field 230524s9999 xx 000 0 und d
082 ## - DEWEY DECIMAL CLASSIFICATION NUMBER
Classification number 415
Item number AND
100 ## - MAIN ENTRY--AUTHOR NAME
Personal name Sandra Anderson
245 #0 - TITLE STATEMENT
Title Chambers Dictionary
250 ## - EDITION STATEMENT
Edition statement 1ST
260 ## - PUBLICATION, DISTRIBUTION, ETC. (IMPRINT)
Place of publication NEW DELHI
Name of publisher Allied Chambers
Year of publication 2005
300 ## - PHYSICAL DESCRIPTION
Number of Pages 1984
500 ## - GENERAL NOTE
General note Quantity Number: 2
650 ## - SUBJECT ADDED ENTRY--TOPICAL TERM
Topical Term English
700 ## - ADDED ENTRY--PERSONAL NAME
Personal name Lynda Carey et.al (Editors)
942 ## - ADDED ENTRY ELEMENTS (KOHA)
Koha item type Books
Holdings
Lost status Damaged status Permanent Location Current Location Shelving location Date acquired Full call number Accession Number Koha item type
    Central Library, Trident Academy of Technology Central Library, Trident Academy of Technology General Stacks 05/24/2023 415 AND 8458 Books
    Central Library, Trident Academy of Technology Central Library, Trident Academy of Technology General Stacks 05/24/2023 415 AND 8459 Books
Trident Academy of Technology © 2023.
All rights reserved.                                                                                                                                                                                                        Designed by Team of Central Library .

Powered by Koha